000 00430nam a2200157Ia 4500
005 20250403164912.0
008 231217s9999 xx 000 0 und d
020 _a9788131412763
082 _a338.02 SIS;1 R
100 _aSisodiya, Amit Singh. Janardhan Rao, N ed.
245 0 _aSMEs : key drivers for growth
260 _c2008
_bICFAI
_aHyderabad
300 _axii, 264
650 _aSMEs,key,drivers,growth
942 _cAA
999 _c191297
_d191297